00766nam a2200229Ia 4500001002100000003000900021008004100030040002300071041001300094100002600107240004100133245003500174250001500209260003800224300002500262490002100287500002300308501012400331520002900455700003300484700001900517903-DIZ sc st (8786)IT-MiSPE171229s9999||||xx |||||||||||||| ||und|| aIT-MiSPEcIT-MiSPE aITALIANO aAndré Bourguière  aDictionnaire de sciences historiques 0aDizionario di scienze storiche a1a ed. (v) aCinisello B.mobEd. Paolinec1992 aXXIX, 873 p. c22 cm aDizionari EPv15 aStoria - Dizionari aEdizioni San Paolo srl - Piazza Soncino, 5 - 20092 CINISELLO BALSAMO (MI) (non commercial uses only) ® Copyright 2018 aFranco Pierini (ed. it.) aEdmondo Cocciag(traduzione) aFranco Pierini